000 00479nam a22001577a 4500
020 _a0333286170
082 _a332.40 954 LEE
100 _aLEE, Y. S
_92745
245 _aFinancial Structures and Monetary Policies in Southeast Asia
260 _aLondon
_bThe Macmilan Press Ltd
_c1982
300 _axiv, 338p.ill.; 23cm
500 _aIncludes Index
650 _aFinancial structures and monetary policies in southeast Africa
_92746
700 _aJAO, Y. C
_92747
942 _cBK
999 _c13070
_d13070